[Event "Wch U10"]
[Site "Batumi"]
[Date "2016.10.28"]
[Round "9"]
[White "Khalifah, Khaled"]
[Black "Qorghanashvili, Alexandre"]
[Result "0-1"]
[WhiteElo "1511"]
[BlackElo "1223"]
[PlyCount "62"]
[EventDate "2016.10.19"]
[EventType "swiss"]
[EventRounds "11"]
[EventCountry "GEO"]
[SourceTitle "EXT 2018"]
[Source "ChessBase"]
[SourceDate "2017.10.13"]
[SourceVersion "1"]
[SourceVersionDate "2017.10.13"]
[SourceQuality "1"]

1. d4 Nf6 2. Bg5 g6 3. Bxf6 exf6 4. e4 Bg7 5. Bd3 0-0 6. Nf3 d6 7. 0-0 Nc6 8. c3 Ne7 9. Nbd2 f5 10. Re1 Re8 11. Qb3 fxe4 12. Bxe4 c6 13. c4 Qc7 14. Rac1 Bf5 15. d5 h6 16. Bxf5 Nxf5 17. Ne4 Re7 18. Nc3 Rae8 19. dxc6 bxc6 20. Rxe7 Rxe7 21. Rd1 Qc8 22. h3 Rb7 23. Qc2 Qb8 24. b3 Rd7 25. Ne4 d5 26. cxd5 cxd5 27. Nc3 Rc7 28. Rd3 d4 29. Qd2 Rxc3 30. Nxd4 Rxd3 31. Qxd3 Bxd4 0-1

[Event "Wch U10"]
[Site "Batumi"]
[Date "2016.10.24"]
[Round "6"]
[White "Qorghanashvili, Alexandre"]
[Black "Zweifel, Gavin"]
[Result "1-0"]
[WhiteElo "1223"]
[BlackElo "1505"]
[PlyCount "59"]
[EventDate "2016.10.19"]
[EventType "swiss"]
[EventRounds "11"]
[EventCountry "GEO"]
[SourceTitle "CBM 175 Extra"]
[Source "ChessBase"]
[SourceDate "2016.12.12"]
[SourceVersion "1"]
[SourceVersionDate "2016.12.12"]
[SourceQuality "1"]

1. e4 c5 2. c3 Nf6 3. e5 Nd5 4. Nf3 e6 5. d4 cxd4 6. cxd4 d6 7. Nc3 Nxc3 8. bxc3 dxe5 9. Nxe5 Nd7 10. Bb5 a6 11. Bxd7+ Bxd7 12. Qf3 Qc7 13. Qxf7+ Kd8 14. 0-0 Bb5 15. c4 Be8 16. Qxe6 Qe7 17. Qxe7+ Bxe7 18. Rb1 b5 19. c5 Rc8 20. Be3 Bf6 21. f4 Ke7 22. d5 Bd7 23. Rfd1 Rhd8 24. Nxd7 Kxd7 25. Rbc1 Bb2 26. Rc2 Ba3 27. c6+ Kd6 28. Rd3 Bb4 29. Bb6 Re8 30. a3 1-0